| 000 | 00703nam a2200181 a 4500 | ||
|---|---|---|---|
| 001 | 000049207 | ||
| 005 | 20250630100924.0 | ||
| 008 | 190729s1989 dr ac 000 0 spa d | ||
| 040 |
_aDO-SdBNP _bspa _cBNPHU |
||
| 082 |
_a972.93053 _bG887c, 1989 |
||
| 100 | 1 |
_aGrullón, José Diego _976515 |
|
| 245 | 1 | 0 |
_aCayo confites : _bla revolución traicionada / _cJosé Diego Grullón. |
| 260 |
_aSanto Domingo, República Dominicana : _bAlfa & Omega, _c1989. |
||
| 300 |
_a149 p. : _bil., retrs. ; _c21 cm. |
||
| 590 | _aInventariado, 2019/VM | ||
| 650 | 4 |
_aCayo confites (movimiento militar) _zRepública Dominicana _xHistoria _976516 |
|
| 651 | 0 |
_aRepública Dominicana _xHistoria _yEra de Trujillo, 1930-1961 _978796 |
|
| 999 |
_c48695 _d48695 |
||